PokéPark 2, tous les Pokémons - Statistiques

Statistiques générales
  • Ce quiz a été pris 19 fois
  • Le résultat moyen est 87 sur 194
Statistiques - réponses
Zone de Rencontre / de Lien Réponse % Correct
Plage du Ressac Clamiral
100%
Citadelle du Pic Roitiflam
100%
Vieux-Port Flamajou
90%
Vieux-Port Flotajou
90%
Clos de Verdure Majaspic
90%
Plage du Ressac Miradar
90%
Colisée Munna
90%
Plage du Ressac Ratentif
90%
Col du Départ Charpenti
80%
Vieux-Port Feuillajou
80%
Laboratoire Méios
80%
Parc des Vœux Mesmérella
80%
Vieux-Port Mushana
80%
Laboratoire Nucléos
80%
Vieux-Port Raichu
80%
Parc des Vœux Scrutella
80%
Laboratoire Symbios
80%
Vieux-Port Zébibron
80%
Gare de Dépôt Zéblitz
80%
Vieux-Port Chinchidou
70%
Clos de Verdure Limonde
70%
Vieux-Port Mateloutre
70%
Entrepôt Secret Mygavolt
70%
Vieux-Port Nanméouie
70%
Gare de Dépôt Ouvrifier
70%
Plage du Ressac Poichigeon
70%
Portail de la Rive du Lac Reshiram
70%
Sente de Moulin Scalpion
70%
Parc des Vœux Sidérella
70%
Entrepôt Secret Statitik
70%
Parc des Vœux Tutafeh
70%
Parc des Vœux Tutankafer
70%
Portail du Palais des Vœux Zekrom
70%
Clos de Verdure / Rive du Lac Bargantua
60%
Gare de Dépôt Bétochef
60%
Vieux-Port Chacripan
60%
Vieux-Port Colombeau
60%
Plage du Ressac Coupenotte
60%
Clos de Verdure Crapustule
60%
Plage du Ressac Crocorible
60%
Parc des Vœux Darkrai
60%
Plage du Ressac Emolga
60%
Plage du Ressac Escroco
60%
Vieux-Port Feuforêve
60%
Clos de Verdure Fragilady
60%
Parc des Vœux Funécire
60%
Citadelle du Pic Grindur
60%
Vieux-Port Grotichon
60%
Rive du Lac Lakmécygne
60%
Vieux-Port Lianaja
60%
Parc des Vœux Lugulabre
60%
Plage du Ressac Mascaïman
60%
Clos de Verdure Noacier
60%
Vieux-Port Pashmilla
60%
Colisée Polagriffe
60%
Colisée Polarhume
60%
Sente de Moulin Scalproie
60%
Sente de Moulin Tritonde
60%
Colisée Victini
60%
Plage du Ressac Viskuse
60%
Parc des Vœux /Sente du Moulin Zoroark
60%
Sente de Moulin Zorua
60%
Rive du Lac Baggaïd
50%
Clos de Verdure Brutapode
50%
Sente de Moulin Chenipan
50%
Entrepôt Secret Clic
50%
Entrepôt Secret Cliticlic
50%
Citadelle du Pic Colossinge
50%
Clos de Verdure Couaneton
50%
Parc des Vœux Cryptéro
50%
Citadelle du Pic Darumacho
50%
Citadelle du Pic Darumarond
50%
Vieux-Port Écrapince
50%
Sente de Moulin Gaulet
50%
Colisée Givrali
50%
Gare de Dépôt Golemastoc
50%
Gare de Dépôt Gringolem
50%
Rive du Lac Haydaim
50%
Plage du Ressac Incisache
50%
Colisée Judokrak
50%
Colisée Karaclée
50%
Gare de Dépôt Limaspeed
50%
Sente de Moulin Magicarpe
50%
Plage du Ressac Mamanbo
50%
Clos de Verdure Manternel
50%
Plage du Ressac Maracachi
50%
Parc des Vœux Mélancolux
50%
Vieux-Port Miamiasme
50%
Clos de Verdure Minotaupe
50%
Colisée Rhinolove
50%
Plage du Ressac Rototaupe
50%
Clos de Verdure Scobolide
50%
Entrepôt Secret Skelénox
50%
Entrepôt Secret Tic
50%
Parc des Vœux Tranchodon
50%
Colisée Trioxhydre
50%
Sente de Moulin Trompignon
50%
Clos de Verdure Venipatte
50%
Clos de Verdure Vivaldaim
50%
Gare de Dépôt Abra
40%
Clos de Verdure Aquali
40%
Citadelle du Pic Baggiguane
40%
Plage du Ressac Boréas
40%
Clos de Verdure Cheniti
40%
Plage du Ressac Chlorobule
40%
Clos de Verdure Chovsourir
40%
Citadelle du Pic Chrysacier
40%
Sente de Moulin Coconfort
40%
Rive du Lac Couverdure
40%
Citadelle du Pic Crabaraque
40%
Citadelle du Pic Crabicoque
40%
Rive du Lac Démétéros
40%
Sente de Moulin Farfaduvet
40%
Sente de Moulin Férosinge
40%
Colisée Fulguris
40%
Gare de Dépôt Gigalithe
40%
Citadelle du Pic Joliflor
40%
Sente de Moulin Larveyette
40%
Vieux-Port Mentali
40%
Entrepôt Secret Miasmax
40%
Entrepôt Secret Noctali
40%
Entrepôt Secret Noctunoir
40%
Gare de Dépôt Nodulithe
40%
Sente de Moulin Phyllali
40%
Citadelle du Pic Pyroli
40%
Colisée Sorbébé
40%
Col du Départ Tiplouf
40%
Colisée Vaututrice
40%
Rive du Lac Voltali
40%
Plage du Ressac Wailord
40%
Clos de Verdure Arakdo
30%
Citadelle du Pic Bastiodon
30%
Plage du Ressac Bekipan
30%
Sente de Moulin Carabing
30%
Rive du Lac Carapuce
30%
Colisée Carchacrok
30%
Sente de Moulin Doudouvet
30%
Rive du Lac Dracaufeu
30%
Entrepôt Secret Ectoplasma
30%
Gare de Dépôt Évoli
30%
Colisée Géolithe
30%
Plage du Ressac Goélise
30%
Plage du Ressac /Partout Grodrive
30%
Citadelle du Pic Guériaigle
30%
Gare de Dépôt Lançargot
30%
Entrepôt Secret Maganon
30%
Vieux-Port /Partout Miaouss
30%
Clos de Verdure Psykokwak
30%
Sente de Moulin Ronflex
30%
Gare de Dépôt Tyranocif
30%
Gare de Dépôt Voltorbe
30%
Clos de Verdure Archéodong
20%
Colisée Cadoizo
20%
Colisée Chapignon
20%
Gare de Dépôt Cizayox
20%
Citadelle du Pic Cradopaud
20%
Citadelle du Pic Drakkarmin
20%
Gare de Dépôt Drattak
20%
Entrepôt Secret Élekable
20%
Clos de Verdure Floravol
20%
Rive du Lac Frison
20%
Rive du Lac Gobou
20%
Sente de Moulin Insécateur
20%
Sente de Moulin Laporeille
20%
Gare de Dépôt Lockpin
20%
Colisée Lucario
20%
Citadelle du Pic Manzaï
20%
Gare de Dépôt Mysdibule
20%
Sente de Moulin Mystherbe
20%
Colisée Racaillou
20%
Colisée Rhinastoc
20%
Sente de Moulin Simularbre
20%
Clos de Verdure Triopikeur
20%
Rive du Lac Wattouat
20%
Rive du Lac Azurill
10%
Colisée Capumain
10%
Gare de Dépôt Corboss
10%
Gare de Dépôt Cornèbre
10%
Entrepôt Secret Farfuret
10%
Rive du Lac Granivol
10%
Citadelle du Pic Griknot
10%
Vieux-Port Kecleon
10%
Rive du Lac Krabby
10%
Rive du Lac Nénupiot
10%
Rive du Lac Ramoloss
10%
Plage du Ressac Stari
10%
Citadelle du Pic Taupiqueur
10%
Entrepôt Secret Ténéfix
10%
Clos de Verdure Balignon
0%
Vieux-Port Groinfrex
0%
Gare de Dépôt Kirlia
0%
Entrepôt Secret Moufouette
0%
Gare de Dépôt Okéoké
0%
Rive du Lac Rozbouton
0%
Aucun quiz correspondant
Distribution des résultats
% des personnes avec chaque résultat
Percentile par nombre de réponses
Votre historique - résultats
Vous n’avez pas pris ce quiz